[Event "Caribbean sub zt 2.3.5"]
[Site "Nassau"]
[Date "2010.06.30"]
[Round "7"]
[White "Joseph, Marcus"]
[Black "Corbin, Philip"]
[Result "0-1"]
[WhiteElo "2166"]
[BlackElo "2164"]
[PlyCount "48"]
[EventDate "2010.06.26"]
[EventType "swiss"]
[EventRounds "9"]
[EventCountry "BAH"]
[SourceTitle "EXT 2019"]
[Source "ChessBase"]
[SourceDate "2018.10.10"]
[SourceVersion "1"]
[SourceVersionDate "2018.10.10"]
[SourceQuality "1"]

1. e4 e5 2. d4 exd4 3. Bc4 Nc6 4. Nf3 Bc5 5. 0-0 Nf6 6. e5 d5 7. Bb5 Ne4 8. Nxd4 0-0 9. Bxc6 bxc6 10. f3 Ba6 11. fxe4 Bxf1 12. Kxf1 Qh4 13. Nc3 f5 14. Be3 Qxh2 15. exd5 Qxe5 16. Bf2 Qh2 17. Qd3 Qh1+ 18. Bg1 Bxd4 19. Qxd4 f4 20. Qf2 Rae8 21. Re1 f3 22. Rxe8 Rxe8 23. gxf3 Qh3+ 24. Qg2 Re1+ 0-1

[Event "Caribbean sub zt 2.3.5"]
[Site "Nassau"]
[Date "2010.06.29"]
[Round "6"]
[White "Corbin, Philip"]
[Black "Berrios Echevarria, Gabriel"]
[Result "0-1"]
[WhiteElo "2164"]
[BlackElo "2187"]
[PlyCount "94"]
[EventDate "2010.06.26"]
[EventType "swiss"]
[EventRounds "9"]
[EventCountry "BAH"]
[SourceTitle "EXT 2019"]
[Source "ChessBase"]
[SourceDate "2018.10.10"]
[SourceVersion "1"]
[SourceVersionDate "2018.10.10"]
[SourceQuality "1"]

1. e4 d6 2. d4 Nf6 3. Nc3 g6 4. Be3 c6 5. h3 b5 6. Bd3 Nbd7 7. f4 b4 8. Nce2 Bg7 9. Nf3 0-0 10. Qd2 a5 11. 0-0 Bb7 12. c4 bxc3 13. Nxc3 c5 14. f5 cxd4 15. Nxd4 Nc5 16. fxg6 hxg6 17. Bh6 e6 18. Bxg7 Kxg7 19. Rae1 Nfd7 20. Ndb5 Qb6 21. Kh1 Ne5 22. Bc2 Rad8 23. a3 Ba6 24. a4 Rd7 25. Rd1 Nb7 26. b3 Rh8 27. Qf4 Rh5 28. Rd2 Qd8 29. Bd1 Bxb5 30. Nxb5 Rh4 31. Qe3 Qe7 32. Rf4 Rxf4 33. Qxf4 Qf6 34. Qxf6+ Kxf6 35. Be2 Ke7 36. Nd4 Nc5 37. Bf3 Rb7 38. Rb2 Rb4 39. Nc2 Rxb3 40. Rxb3 Nxb3 41. Bd1 Nc5 42. Nd4 Nxe4 43. Kg1 d5 44. Kf1 Nc4 45. Ke1 Ncd6 46. Nb3 Nc5 47. Nd4 Ndb7 0-1

[Event "Caribbean sub zt 2.3.5"]
[Site "Nassau"]
[Date "2010.06.28"]
[Round "5"]
[White "Gibson, Ken"]
[Black "Corbin, Philip"]
[Result "0-1"]
[WhiteElo "1911"]
[BlackElo "2164"]
[PlyCount "94"]
[EventDate "2010.06.26"]
[EventType "swiss"]
[EventRounds "9"]
[EventCountry "BAH"]
[SourceTitle "EXT 2019"]
[Source "ChessBase"]
[SourceDate "2018.10.10"]
[SourceVersion "1"]
[SourceVersionDate "2018.10.10"]
[SourceQuality "1"]

1. d4 f5 2. f4 Nf6 3. Nf3 e6 4. e3 b6 5. g3 Bb7 6. Bg2 d6 7. Nbd2 Be7 8. Qe2 Nc6 9. a3 0-0 10. b3 a5 11. Bb2 Ba6 12. Qf2 Ne4 13. Nxe4 fxe4 14. Nd2 d5 15. Bf1 Bxf1 16. Qxf1 Bf6 17. Qe2 Ne7 18. 0-0 c5 19. c3 Qe8 20. a4 Nf5 21. Ba3 Be7 22. Rfb1 cxd4 23. cxd4 Bxa3 24. Rxa3 Qe7 25. Raa1 Qb4 26. Rc1 Rac8 27. Kf2 Rc3 28. Rxc3 Qxc3 29. Rd1 h5 30. Re1 Rc8 31. Qd1 Qb2 32. Qe2 Rc2 33. Rd1 g6 34. Ke1 Rc3 35. Nf1 Qxb3 36. Kf2 Nxe3 37. Nxe3 Rxe3 38. Qxe3 Qxd1 39. Qc3 Qxa4 40. Qc8+ Kh7 41. Qc7+ Kh6 42. Qe5 Qc2+ 43. Ke1 Qc8 44. Qg5+ Kh7 45. Qe7+ Kg8 46. h3 Qc3+ 47. Ke2 Qd3+ 0-1

[Event "Caribbean sub zt 2.3.5"]
[Site "Nassau"]
[Date "2010.06.26"]
[Round "1"]
[White "Whyms, Chappell"]
[Black "Corbin, Philip"]
[Result "0-1"]
[WhiteElo "1658"]
[BlackElo "2164"]
[PlyCount "46"]
[EventDate "2010.06.26"]
[EventType "swiss"]
[EventRounds "9"]
[EventCountry "BAH"]
[SourceTitle "EXT 2019"]
[Source "ChessBase"]
[SourceDate "2018.10.10"]
[SourceVersion "1"]
[SourceVersionDate "2018.10.10"]
[SourceQuality "1"]

1. d4 f5 2. c4 Nf6 3. g3 e6 4. Bg2 Be7 5. Nf3 d6 6. b3 0-0 7. 0-0 Ne4 8. Nfd2 d5 9. Ba3 Bxa3 10. Nxa3 Nc3 11. Qe1 Nc6 12. Nc2 Bd7 13. Nf3 Ne4 14. cxd5 exd5 15. Ne5 Nxe5 16. dxe5 Qe7 17. f4 Qc5+ 18. e3 Qxc2 19. Rc1 Qxa2 20. Rxc7 Bb5 21. Bxe4 dxe4 22. Qc3 Bxf1 23. Kxf1 Rad8 0-1

[Event "Barbados-ch"]
[Site "Bridgetown"]
[Date "2009.09.26"]
[Round "10"]
[White "Corbin, Philip"]
[Black "Herbert, Allan"]
[Result "1-0"]
[WhiteElo "2138"]
[BlackElo "1937"]
[PlyCount "79"]
[EventDate "2009.09.05"]
[EventType "tourn"]
[EventRounds "11"]
[EventCountry "BAR"]
[SourceTitle "EXT 2024"]
[Source "ChessBase"]
[SourceDate "2023.10.10"]
[SourceVersion "1"]
[SourceVersionDate "2023.10.10"]
[SourceQuality "1"]

1. e4 c6 2. d4 d5 3. Nd2 dxe4 4. Nxe4 Bf5 5. Ng3 Bg6 6. h4 h6 7. h5 Bh7 8. Nf3 Nd7 9. Bd3 Bxd3 10. Qxd3 e6 11. Bd2 Ngf6 12. c4 Be7 13. Bc3 0-0 14. Qe2 c5 15. 0-0-0 cxd4 16. Nxd4 Qb6 17. Rh3 Rfe8 18. Ne4 Nc5 19. Nxc5 Qxc5 20. f4 Rac8 21. b3 Nd5 22. cxd5 Qxd5 23. Nc2 Qf5 24. Qe5 Qg4 25. Ne3 Rxc3+ 26. Qxc3 Qxf4 27. Rd4 Qe5 28. Rc4 Ba3+ 29. Kc2 Qd6 30. Rg4 Qf8 31. Rhg3 Kh8 32. Rxg7 e5 33. Nf5 Rc8 34. Rg8+ Qxg8 35. Rxg8+ Rxg8 36. Qxe5+ Kh7 37. Qf6 Rxg2+ 38. Kd3 Bb2 39. Qxh6+ Kg8 40. Ne7# 1-0

[Event "Barbados-ch"]
[Site "Bridgetown"]
[Date "2009.09.23"]
[Round "9"]
[White "Blackman, Justin"]
[Black "Corbin, Philip"]
[Result "0-1"]
[WhiteElo "2112"]
[BlackElo "2138"]
[PlyCount "90"]
[EventDate "2009.09.05"]
[EventType "tourn"]
[EventRounds "11"]
[EventCountry "BAR"]
[SourceTitle "EXT 2024"]
[Source "ChessBase"]
[SourceDate "2023.10.10"]
[SourceVersion "1"]
[SourceVersionDate "2023.10.10"]
[SourceQuality "1"]

1. d4 f5 2. Bg5 d5 3. e3 Nf6 4. Bxf6 exf6 5. c4 Bb4+ 6. Nc3 0-0 7. Qb3 Bxc3+ 8. bxc3 c6 9. Ne2 dxc4 10. Qxc4+ Kh8 11. Nf4 g5 12. Ne6 Bxe6 13. Qxe6 f4 14. h4 fxe3 15. fxe3 Qd7 16. Qe4 g4 17. Bd3 Re8 18. Qf4 Qe7 19. e4 Nd7 20. 0-0 Rg8 21. Rab1 b6 22. Rbe1 c5 23. e5 fxe5 24. dxe5 Qxh4 25. e6 Raf8 26. Bf5 Nf6 27. e7 Re8 28. g3 Qg5 29. Qe5 Rg7 30. Rf4 Rgxe7 31. Qxe7 Rxe7 32. Rxe7 h5 33. Bd3 c4 34. Rf5 Qc1+ 35. Bf1 Qxc3 36. Re6 Qxg3+ 37. Bg2 h4 38. Kh1 h3 39. Bf1 Ng8 40. Re8 Kh7 41. Re6 c3 42. Rf7+ Kh8 43. Rc6 Qe1 44. Rcc7 Qe4+ 45. Kh2 c2 0-1

[Event "Barbados-ch"]
[Site "Bridgetown"]
[Date "2009.09.21"]
[Round "8"]
[White "Corbin, Philip"]
[Black "Harewood, Othneil"]
[Result "1-0"]
[WhiteElo "2138"]
[BlackElo "1928"]
[PlyCount "45"]
[EventDate "2009.09.05"]
[EventType "tourn"]
[EventRounds "11"]
[EventCountry "BAR"]
[SourceTitle "EXT 2024"]
[Source "ChessBase"]
[SourceDate "2023.10.10"]
[SourceVersion "1"]
[SourceVersionDate "2023.10.10"]
[SourceQuality "1"]

1. e4 e6 2. d4 d5 3. e5 c5 4. c3 Nc6 5. Nf3 cxd4 6. cxd4 Be7 7. Bd3 f5 8. h4 h5 9. Nc3 Nh6 10. Ne2 Kf7 11. Ng5+ Bxg5 12. hxg5 Ng8 13. g4 g6 14. gxh5 Nge7 15. Be3 Bd7 16. Nf4 Qb6 17. Be2 Na5 18. hxg6+ Nxg6 19. Bh5 Rxh5 20. Qxh5 Rg8 21. Nxg6 Rxg6 22. Qh7+ Rg7 23. g6+ 1-0

[Event "Barbados-ch"]
[Site "Bridgetown"]
[Date "2009.09.07"]
[Round "2"]
[White "Corbin, Philip"]
[Black "Daniel, Kelvin"]
[Result "1-0"]
[WhiteElo "2138"]
[BlackElo "2036"]
[PlyCount "81"]
[EventDate "2009.09.05"]
[EventType "tourn"]
[EventRounds "11"]
[EventCountry "BAR"]
[SourceTitle "EXT 2024"]
[Source "ChessBase"]
[SourceDate "2023.10.10"]
[SourceVersion "1"]
[SourceVersionDate "2023.10.10"]
[SourceQuality "1"]

1. e4 e6 2. d4 d5 3. e5 c5 4. c3 Nc6 5. Nf3 Qc7 6. a3 Bd7 7. Bd3 f6 8. 0-0 c4 9. Bc2 Nge7 10. Re1 0-0-0 11. a4 Ng6 12. Na3 a6 13. b4 Be7 14. b5 Na5 15. Bd2 Rdf8 16. Qb1 fxe5 17. Nxe5 Nxe5 18. dxe5 Bc5 19. Be3 g6 20. Re2 Bxe3 21. Rxe3 Qc5 22. Qb2 Rf7 23. Qb4 Qb6 24. bxa6 Qxb4 25. cxb4 d4 26. Re4 d3 27. a7 Kc7 28. bxa5 dxc2 29. Rxc4+ Bc6 30. Rxc2 Ra8 31. Rac1 Kd8 32. Nb5 Rd7 33. f4 Bxb5 34. axb5 Rxa7 35. Rc8+ Ke7 36. Rh8 Rxa5 37. Rxh7+ Kd8 38. Rh8+ Ke7 39. Rcc8 Rd1+ 40. Kf2 Kd7 41. Rhd8+ 1-0

[Event "Caribbean op"]
[Site "Port of Spain"]
[Date "2009.08.07"]
[Round "6"]
[White "Corbin, Philip"]
[Black "Marichal Gonzalez, Ariel"]
[Result "0-1"]
[WhiteElo "2125"]
[BlackElo "2228"]
[PlyCount "86"]
[EventDate "2009.08.04"]
[EventType "swiss"]
[EventRounds "9"]
[EventCountry "TRI"]
[SourceTitle "EXT 2015"]
[Source "ChessBase"]
[SourceDate "2014.11.20"]
[SourceVersion "1"]
[SourceVersionDate "2014.11.20"]
[SourceQuality "1"]

1. e4 c5 2. d4 cxd4 3. c3 dxc3 4. Nxc3 Nc6 5. Nf3 d6 6. Bc4 e6 7. 0-0 Nf6 8. Qe2 Be7 9. Rd1 e5 10. h3 0-0 11. Be3 Be6 12. Bb5 Bd7 13. Rac1 a6 14. Bc4 Rc8 15. Bd5 b5 16. a4 b4 17. Nb1 Nxd5 18. exd5 Nb8 19. b3 Qa5 20. Qd3 Rxc1 21. Rxc1 Rc8 22. Rxc8+ Bxc8 23. Qc4 Bb7 24. Ba7 Nd7 25. Nbd2 Nf6 26. Bb8 Nxd5 27. Ne4 Qd8 28. Ba7 Qa8 29. Bc5 dxc5 30. Nxe5 Qe8 31. Qc2 Nf4 32. Nxc5 Bxc5 33. Qxc5 f6 34. Qxb4 Ne2+ 35. Kf1 Bxg2+ 36. Kxg2 Qxe5 37. Qc4+ Kf8 38. Qxa6 Nf4+ 39. Kf3 g5 40. h4 Qc3+ 41. Ke4 Qc2+ 42. Ke3 Qxb3+ 43. Kd4 Ne6+ 0-1

[Event "Caribbean op"]
[Site "Port of Spain"]
[Date "2009.08.06"]
[Round "5"]
[White "Lee, Cecil"]
[Black "Corbin, Philip"]
[Result "0-1"]
[WhiteElo "1956"]
[BlackElo "2125"]
[PlyCount "48"]
[EventDate "2009.08.04"]
[EventType "swiss"]
[EventRounds "9"]
[EventCountry "TRI"]
[SourceTitle "EXT 2015"]
[Source "ChessBase"]
[SourceDate "2014.11.20"]
[SourceVersion "1"]
[SourceVersionDate "2014.11.20"]
[SourceQuality "1"]

1. c4 e5 2. g3 Nc6 3. Bg2 f5 4. e3 Bc5 5. Ne2 Nf6 6. Nbc3 e4 7. 0-0 Ne5 8. b3 h5 9. d4 exd3 10. Nf4 h4 11. Nxd3 Nxd3 12. Qxd3 d6 13. Bb2 Ng4 14. Nd5 hxg3 15. hxg3 c6 16. b4 cxd5 17. bxc5 Qg5 18. cxd5 dxc5 19. Qb5+ Bd7 20. Qxc5 Rc8 21. Qd4 Qh6 22. Rfc1 Qh2+ 23. Kf1 Bb5+ 24. Ke1 Qg1+ 0-1

[Event "Caribbean op"]
[Site "Port of Spain"]
[Date "2009.08.05"]
[Round "3"]
[White "Cobham, Marcus"]
[Black "Corbin, Philip"]
[Result "0-1"]
[WhiteElo "2097"]
[BlackElo "2125"]
[PlyCount "56"]
[EventDate "2009.08.04"]
[EventType "swiss"]
[EventRounds "9"]
[EventCountry "TRI"]
[SourceTitle "EXT 2015"]
[Source "ChessBase"]
[SourceDate "2014.11.20"]
[SourceVersion "1"]
[SourceVersionDate "2014.11.20"]
[SourceQuality "1"]

1. Nf3 f5 2. g3 Nf6 3. Bg2 e6 4. 0-0 Be7 5. d4 d6 6. c4 0-0 7. b3 Qe8 8. Nbd2 Qh5 9. e3 Nbd7 10. Bb2 g5 11. Ne1 g4 12. Nd3 c6 13. a4 Qh6 14. b4 Rf7 15. b5 d5 16. c5 Rg7 17. Re1 Ne4 18. Nf1 Bf6 19. Nb4 Ndxc5 20. bxc6 bxc6 21. Nxc6 Ba6 22. Ba3 Nd3 23. Bxe4 Nxe1 24. Bxd5 exd5 25. Qxe1 Bd3 26. Qa5 Kh8 27. Nd2 Bg5 28. Re1 Qxc6 0-1

[Event "Caribbean op"]
[Site "Port of Spain"]
[Date "2009.08.04"]
[Round "2"]
[White "Corbin, Philip"]
[Black "Bowles, Andrew"]
[Result "1-0"]
[WhiteElo "2125"]
[BlackElo "1906"]
[PlyCount "61"]
[EventDate "2009.08.04"]
[EventType "swiss"]
[EventRounds "9"]
[EventCountry "TRI"]
[SourceTitle "EXT 2015"]
[Source "ChessBase"]
[SourceDate "2014.11.20"]
[SourceVersion "1"]
[SourceVersionDate "2014.11.20"]
[SourceQuality "1"]

1. e4 c5 2. d4 cxd4 3. c3 d3 4. c4 Nc6 5. Bxd3 d6 6. Nc3 Nf6 7. b3 e6 8. Nge2 Be7 9. 0-0 0-0 10. Bb2 a6 11. Rc1 e5 12. Bb1 Be6 13. Qd2 Qa5 14. Rcd1 Rfd8 15. h3 b5 16. cxb5 axb5 17. f4 exf4 18. Nxf4 Ne5 19. Qf2 Rf8 20. Ncd5 Nxd5 21. exd5 Bd7 22. Rde1 Qc7 23. Nh5 f6 24. Qh4 Rf7 25. Bxh7+ Kh8 26. Nxf6 Bxf6 27. Rxf6 Qa7+ 28. Bd4 g5 29. Qf2 Qxa2 30. Rxf7 Qxf2+ 31. Kxf2 1-0

[Event "Olympiad-38"]
[Site "Dresden"]
[Date "2008.11.23"]
[Round "10"]
[White "Corbin, Philip"]
[Black "Amanov, Mesgen"]
[Result "1-0"]
[WhiteElo "2176"]
[BlackElo "2357"]
[PlyCount "65"]
[EventDate "2008.11.13"]
[EventType "team-swiss"]
[EventRounds "11"]
[EventCountry "GER"]
[SourceTitle "CBM 128"]
[Source "ChessBase"]
[SourceDate "2009.01.28"]
[SourceVersion "1"]
[SourceVersionDate "2009.01.28"]
[SourceQuality "1"]
[WhiteTeam "Barbados"]
[BlackTeam "Turkmenistan"]
[WhiteTeamCountry "BAR"]
[BlackTeamCountry "TKM"]

1. e4 c5 2. Nf3 d6 3. d4 cxd4 4. Nxd4 Nf6 5. Nc3 a6 6. Be2 e6 7. g4 h6 8. Be3 Nbd7 9. h4 b5 10. a3 Bb7 11. f3 Nb6 12. Qd2 e5 13. Nf5 d5 14. exd5 Nbxd5 15. 0-0-0 Qc7 16. g5 Nxc3 17. gxf6 Nxe2+ 18. Qxe2 gxf6 19. Rhe1 Rc8 20. Bd4 Be7 21. Bc3 Qc4 22. Qd2 Rd8 23. Qxd8+ Bxd8 24. Nd6+ Ke7 25. Nxc4 bxc4 26. f4 e4 27. f5 Rg8 28. Rd4 Bc7 29. Bb4+ Ke8 30. Red1 a5 31. Rd7 Bf4+ 32. Kb1 axb4 33. Rd8+ 1-0

[Event "Olympiad-38"]
[Site "Dresden"]
[Date "2008.11.22"]
[Round "9"]
[White "Corbin, Philip"]
[Black "Antoniou, Antonis"]
[Result "1-0"]
[WhiteElo "2176"]
[BlackElo "2177"]
[PlyCount "121"]
[EventDate "2008.11.13"]
[EventType "team-swiss"]
[EventRounds "11"]
[EventCountry "GER"]
[SourceTitle "CBM 128"]
[Source "ChessBase"]
[SourceDate "2009.01.28"]
[SourceVersion "1"]
[SourceVersionDate "2009.01.28"]
[SourceQuality "1"]
[WhiteTeam "Barbados"]
[BlackTeam "Cyprus"]
[WhiteTeamCountry "BAR"]
[BlackTeamCountry "CYP"]

1. e4 e5 2. Nf3 Nc6 3. Bb5 Nf6 4. 0-0 Nxe4 5. d4 Nd6 6. Bxc6 dxc6 7. dxe5 Nf5 8. Qxd8+ Kxd8 9. Nc3 Ne7 10. h3 Ng6 11. Bg5+ Be7 12. Rad1+ Ke8 13. Rfe1 Bxg5 14. Nxg5 Ke7 15. Rd4 Be6 16. f4 Rad8 17. Red1 Rxd4 18. Rxd4 c5 19. Ra4 a6 20. Nxe6 fxe6 21. g3 Rd8 22. Ne4 b6 23. Rxa6 Rd4 24. Ng5 Rd1+ 25. Kf2 Rd2+ 26. Ke3 Rxc2 27. Nxh7 Rxb2 28. h4 Kd7 29. Ra8 Kc6 30. Ng5 Ne7 31. Nxe6 Nf5+ 32. Kd3 Rg2 33. Ra7 Rxg3+ 34. Ke4 g6 35. Rxc7+ Kb5 36. Nf8 Re3+ 37. Kd5 c4 38. a4+ Kxa4 39. Rxc4+ Kb3 40. Rc1 Kb2 41. Rc7 Nxh4 42. Rb7 Kc3 43. Rxb6 Rd3+ 44. Kc5 Rg3 45. Ra6 Kd2 46. e6 Nf5 47. Kd5 Ne7+ 48. Ke5 Re3+ 49. Kd6 Nf5+ 50. Kd7 Rd3+ 51. Ke8 Nd6+ 52. Rxd6 Rxd6 53. Ke7 Ra6 54. Nxg6 Ke3 55. f5 Ke4 56. f6 Ra7+ 57. Kf8 Ra8+ 58. Kf7 Kf5 59. e7 Kg5 60. Nf8 Ra7 61. Nh7+ 1-0

[Event "Olympiad-38"]
[Site "Dresden"]
[Date "2008.11.21"]
[Round "8"]
[White "Corbin, Philip"]
[Black "Jose Queralto, Daniel"]
[Result "1/2-1/2"]
[WhiteElo "2176"]
[BlackElo "2125"]
[PlyCount "79"]
[EventDate "2008.11.13"]
[EventType "team-swiss"]
[EventRounds "11"]
[EventCountry "GER"]
[SourceTitle "CBM 128"]
[Source "ChessBase"]
[SourceDate "2009.01.28"]
[SourceVersion "1"]
[SourceVersionDate "2009.01.28"]
[SourceQuality "1"]
[WhiteTeam "Barbados"]
[BlackTeam "Andorra"]
[WhiteTeamCountry "BAR"]
[BlackTeamCountry "AND"]

1. e4 e5 2. Nf3 Nf6 3. d4 Nxe4 4. Bd3 d5 5. Nxe5 Nd7 6. Nxd7 Bxd7 7. 0-0 Be7 8. c4 Nf6 9. Nc3 Be6 10. cxd5 Nxd5 11. Re1 0-0 12. Qh5 g6 13. Qf3 c6 14. Bh6 Re8 15. Re2 Nb4 16. a3 Nxd3 17. Qxd3 Qd7 18. Rd1 Rad8 19. Ne4 f5 20. Ng5 Bd5 21. h4 Bf6 22. h5 Rxe2 23. Qxe2 Bb3 24. Re1 Bf7 25. hxg6 hxg6 26. Rd1 Bxd4 27. Nh3 c5 28. Qd3 Qe6 29. Qg3 Re8 30. Ng5 Qe2 31. Rc1 b6 32. b4 Qh5 33. Qc7 Bxf2+ 34. Kxf2 Qh4+ 35. Kg1 Re1+ 36. Rxe1 Qxe1+ 37. Kh2 Qh4+ 38. Kg1 Qe1+ 39. Kh2 Qh4+ 40. Kg1 1/2-1/2

[Event "Olympiad-38"]
[Site "Dresden"]
[Date "2008.11.17"]
[Round "5"]
[White "Jere, Daniel"]
[Black "Corbin, Philip"]
[Result "1-0"]
[WhiteElo "2240"]
[BlackElo "2176"]
[PlyCount "56"]
[EventDate "2008.11.13"]
[EventType "team-swiss"]
[EventRounds "11"]
[EventCountry "GER"]
[SourceTitle "CBM 128"]
[Source "ChessBase"]
[SourceDate "2009.01.28"]
[SourceVersion "1"]
[SourceVersionDate "2009.01.28"]
[SourceQuality "1"]
[WhiteTeam "Zambia"]
[BlackTeam "Barbados"]
[WhiteTeamCountry "ZAM"]
[BlackTeamCountry "BAR"]

1. c4 e5 2. g3 Nc6 3. Bg2 Bc5 4. Nc3 Nge7 5. a3 a5 6. e3 Ra6 7. Nge2 Nf5 8. 0-0 h5 9. h3 g5 10. d4 exd4 11. Ne4 Qe7 12. exd4 Ncxd4 13. Nxd4 Bxd4 14. g4 hxg4 15. hxg4 Qe5 16. Re1 Ne7 17. Bxg5 Qh2+ 18. Kf1 Bxb2 19. Bxe7 Kxe7 20. Rb1 Be5 21. Qd5 Rg6 22. Nd2 d6 23. Nf3 Qf4 24. Nxe5 dxe5 25. Qc5+ Kf6 26. Re4 Qg5 27. f4 Qxf4+ 28. Rxf4+ exf4 1-0

[Event "Olympiad-38"]
[Site "Dresden"]
[Date "2008.11.13"]
[Round "1"]
[White "Corbin, Philip"]
[Black "Jaquez, Juan Manuel"]
[Result "1-0"]
[WhiteElo "2176"]
[BlackElo "2223"]
[PlyCount "115"]
[EventDate "2008.11.13"]
[EventType "team-swiss"]
[EventRounds "11"]
[EventCountry "GER"]
[SourceTitle "CBM 128"]
[Source "ChessBase"]
[SourceDate "2009.01.28"]
[SourceVersion "1"]
[SourceVersionDate "2009.01.28"]
[SourceQuality "1"]
[WhiteTeam "Barbados"]
[BlackTeam "Dominican Rep"]
[WhiteTeamCountry "BAR"]
[BlackTeamCountry "DOM"]

1. e4 e6 2. Nf3 d5 3. e5 c5 4. b4 cxb4 5. a3 Nc6 6. axb4 Bxb4 7. c3 Bf8 8. d4 Nge7 9. h4 Bd7 10. Na3 a6 11. Bd3 h6 12. Qb3 Na5 13. Qa2 b5 14. 0-0 Nc8 15. h5 Nb6 16. Bf4 Na4 17. Bd2 Rc8 18. Rfc1 Be7 19. Rab1 Bxa3 20. Qxa3 Qe7 21. Qa2 Nc4 22. Bf4 Bc6 23. Rb3 Qc7 24. Bb1 Na5 25. Rb4 Bd7 26. Bd2 Nc4 27. Bf4 a5 28. Rb3 Rb8 29. Nd2 f5 30. Qc2 0-0 31. Qd3 Be8 32. g4 Qe7 33. Nf3 Na3 34. Rxa3 Qxa3 35. Nh4 Rc8 36. Bd2 Qe7 37. gxf5 Qxh4 38. f6 Rxf6 39. Qh7+ Kf8 40. exf6 Qxf6 41. Bg6 Ke7 42. Bxh6 Bxg6 43. hxg6 Kd6 44. Qxg7 Qxg7 45. Bxg7 Nxc3 46. Rxc3 Rxc3 47. Bf8+ Kc6 48. g7 Rc1+ 49. Kg2 b4 50. g8Q Re1 51. Qg3 Kb5 52. Qb3 Rc1 53. Qe3 Rc6 54. Bc5 Kc4 55. Qe2+ Kc3 56. Qb5 Rc8 57. Qxa5 Rb8 58. Kf3 1-0

[Event "Barbados-ch"]
[Site "Bridgetown"]
[Date "2007.09.29"]
[Round "4"]
[White "Daniel, Kelvin"]
[Black "Corbin, Philip"]
[Result "0-1"]
[WhiteElo "2030"]
[BlackElo "2200"]
[PlyCount "66"]
[EventDate "2007.09.22"]
[EventType "tourn"]
[EventRounds "11"]
[EventCountry "BAR"]
[SourceTitle "EXT 2024"]
[Source "ChessBase"]
[SourceDate "2023.10.10"]
[SourceVersion "1"]
[SourceVersionDate "2023.10.10"]
[SourceQuality "1"]

1. e4 c5 2. Nf3 d6 3. d4 cxd4 4. Nxd4 Nf6 5. Nc3 a6 6. Be2 e6 7. Be3 Be7 8. 0-0 Qc7 9. Kh1 b5 10. a3 Bb7 11. Bf3 Nbd7 12. Bg5 0-0 13. Qe1 Ne5 14. Bd1 Rac8 15. f4 Nc4 16. Qg3 Nxe4 17. Nxe4 Bxe4 18. Bg4 Bxg5 19. Nxe6 fxe6 20. Bxe6+ Kh8 21. Bxc8 Bf6 22. Bh3 Nxb2 23. Rac1 d5 24. Bg4 d4 25. Qe1 Re8 26. Qb4 Nc4 27. Bf3 Be7 28. Qe1 Bxa3 29. Bxe4 Bxc1 30. Qxc1 Rxe4 31. f5 Ne3 32. Qa3 Qb8 33. Rg1 Rh4 0-1

[Event "Barbados-ch"]
[Site "Bridgetown"]
[Date "2007.09.24"]
[Round "2"]
[White "Corbin, Philip"]
[Black "Barker, Michael"]
[Result "1/2-1/2"]
[WhiteElo "2200"]
[BlackElo "1805"]
[PlyCount "109"]
[EventDate "2007.09.22"]
[EventType "tourn"]
[EventRounds "11"]
[EventCountry "BAR"]
[SourceTitle "EXT 2024"]
[Source "ChessBase"]
[SourceDate "2023.10.10"]
[SourceVersion "1"]
[SourceVersionDate "2023.10.10"]
[SourceQuality "1"]

1. e4 g6 2. d4 Bg7 3. Nc3 d6 4. Be3 c6 5. Qd2 Nd7 6. Bd3 b5 7. Nce2 Ngf6 8. h3 0-0 9. f4 e5 10. fxe5 dxe5 11. Nf3 Qc7 12. dxe5 Nxe5 13. Bf4 Nh5 14. Bxe5 Bxe5 15. Nxe5 Qxe5 16. 0-0-0 a5 17. g4 Nf6 18. Qf4 Qxf4+ 19. Nxf4 Re8 20. Rde1 Re5 21. Rhf1 Kg7 22. Rf3 Ra7 23. Rfe3 Rae7 24. Kd2 Rd7 25. Ke2 Rd4 26. Kf3 Bb7 27. c3 Rd8 28. Bc2 Rde8 29. Nd3 R5e7 30. Nc5 Bc8 31. b4 a4 32. c4 Nd7 33. Nxd7 Rxd7 34. c5 Rd4 35. a3 Be6 36. Rd3 Red8 37. Rxd4 Rxd4 38. Ke3 Rd8 39. Rd1 Rxd1 40. Bxd1 Kf6 41. Kd4 g5 42. Bf3 Ke7 43. Ke5 f6+ 44. Kd4 Bd7 45. e5 Ke6 46. exf6 Kxf6 47. Be4 h6 48. Bg2 Ke6 49. Bf3 Kf6 50. Be4 Be8 51. Bf5 h5 52. Be4 h4 53. Bf5 Bf7 54. Be4 Be8 55. Bf3 1/2-1/2

[Event "Olympiad-37"]
[Site "Turin"]
[Date "2006.05.27"]
[Round "6"]
[White "Corbin, Philip"]
[Black "Seegolam, Pradeep"]
[Result "1-0"]
[WhiteElo "2212"]
[BlackElo "2140"]
[PlyCount "83"]
[EventDate "2006.05.21"]
[EventType "team-swiss"]
[EventRounds "13"]
[EventCountry "ITA"]
[SourceTitle "CBM 113"]
[Source "ChessBase"]
[SourceDate "2006.07.31"]
[SourceVersion "1"]
[SourceVersionDate "2006.07.31"]
[SourceQuality "1"]
[WhiteTeam "Barbados"]
[BlackTeam "Mauritius"]
[WhiteTeamCountry "BAR"]
[BlackTeamCountry "MRI"]

1. e4 c5 2. d4 cxd4 3. c3 d3 4. c4 g6 5. Bxd3 Bg7 6. Ne2 Nc6 7. Nbc3 Nf6 8. h3 d6 9. Be3 Nd7 10. b3 0-0 11. Rc1 Nc5 12. Bb1 Re8 13. 0-0 Bd7 14. Qd2 Qc8 15. f4 Ne6 16. Nd5 Nf8 17. f5 Be5 18. Bf4 f6 19. Bxe5 Nxe5 20. Qh6 Nf7 21. Qh4 Kg7 22. fxg6 Nxg6 23. Qf2 Qd8 24. Nd4 a6 25. Rc3 Kh8 26. Rg3 Rg8 27. Qe2 Rc8 28. Qh5 Nfe5 29. Nf5 Be6 30. Kh2 Qf8 31. Nh6 Rg7 32. Ne3 Nf7 33. Nef5 Rc5 34. b4 Re5 35. Ng4 Bxc4 36. Nxe5 Bxf1 37. Nxg6+ Rxg6 38. Rxg6 Be2 39. g4 e6 40. Rxf6 exf5 41. Rxf7 Qg8 42. Qxf5 1-0

[Event "BAR-ch"]
[Site "Bridgetown"]
[Date "2005.10.01"]
[Round "7"]
[White "Corbin, Philip"]
[Black "Warner, Delisle"]
[Result "0-1"]
[WhiteElo "2243"]
[BlackElo "2229"]
[PlyCount "116"]
[EventDate "2005.09.17"]
[EventType "tourn"]
[EventRounds "11"]
[EventCountry "BAR"]
[SourceTitle "EXT 2015"]
[Source "ChessBase"]
[SourceDate "2014.11.20"]
[SourceVersion "1"]
[SourceVersionDate "2014.11.20"]
[SourceQuality "1"]

1. e4 e6 2. d4 d5 3. e5 c5 4. c3 Nc6 5. Nf3 Qb6 6. a3 c4 7. Be2 Bd7 8. Nbd2 f6 9. 0-0 fxe5 10. Nxe5 Nxe5 11. dxe5 Bc5 12. a4 a5 13. b3 Qc7 14. bxc4 Ne7 15. cxd5 Nxd5 16. Ne4 Be7 17. Nd6+ Bxd6 18. exd6 Qxc3 19. Bh5+ g6 20. Rb1 Qc4 21. Rxb7 0-0-0 22. Be2 Qc6 23. Qb3 Qxb7 24. Qc2+ Bc6 25. Bb2 Rhf8 26. Rb1 Kd7 27. Bg7 Nb4 28. Qc5 Rf5 29. Be5 Ra8 30. g4 Rf7 31. Qe3 Bxa4 32. f4 Bc6 33. Bc4 Bd5 34. Bxd5 Qxd5 35. Rc1 Nc6 36. Qb6 Rb8 37. Qc7+ Ke8 38. Qxc6+ Qxc6 39. Rxc6 Ra8 40. g5 a4 41. Rc2 a3 42. Ra2 Rb7 43. Kf2 Rb3 44. Ke2 Kd7 45. Kf2 Rab8 46. Ke1 Rb1+ 47. Kd2 R1b2+ 48. Bxb2 Rxb2+ 49. Rxb2 axb2 50. Kc2 Kxd6 51. Kxb2 Kd5 52. Kc3 Ke4 53. h4 Kxf4 54. Kd4 e5+ 55. Kd3 Kg4 56. Ke4 Kxh4 57. Kxe5 Kxg5 58. Ke4 Kg4 0-1